Southville International School and Colleges
Your cart is empty.
  • Cart
  • Lists
    Public lists Eva Luna New books Lux_list list_1
    Your lists Log in to create your own lists
  • Log in to your account
  • Your cookies
  • Search history
Southville International School and Colleges
  • Advanced search
  • Recent comments
  • Most popular
  • Libraries

Log in to your account

Log in with GOOGLE


If you do not have an external account, but do have a local account, you can still log in:

  1. Home
  2. MARC view: High performance sales management /
Normal view MARC view ISBD view

High performance sales management / (Record no. 357118)

[ view plain ]
MARC details
000 -LEADER
fixed length control field 00567nam a2200205Ia 4500
008 - FIXED-LENGTH DATA ELEMENTS--GENERAL INFORMATION
fixed length control field 180523s9999 xx 000 0 und d
020 ## - INTERNATIONAL STANDARD BOOK NUMBER
International Standard Book Number 81-7314-082-0
050 ## - LIBRARY OF CONGRESS CALL NUMBER
Classification number MAIN HF 5438.4
050 ## - LIBRARY OF CONGRESS CALL NUMBER
Item number .R63 2002
100 ## - MAIN ENTRY--PERSONAL NAME
Personal name Robinson, Elaine Frazer -
245 #0 - TITLE STATEMENT
Title High performance sales management /
245 #0 - TITLE STATEMENT
Statement of responsibility, etc Elaine Frazer-Robinson, John Frazer-Robinson.
260 ## - PUBLICATION, DISTRIBUTION, ETC. (IMPRINT)
Place of publication, distribution, etc New Delhi :
260 ## - PUBLICATION, DISTRIBUTION, ETC. (IMPRINT)
Name of publisher, distributor, etc Research Press,
260 ## - PUBLICATION, DISTRIBUTION, ETC. (IMPRINT)
Date of publication, distribution, etc 2002
300 ## - PHYSICAL DESCRIPTION
Extent 63 pages :
300 ## - PHYSICAL DESCRIPTION
Dimensions 23 cm.
440 ## - SERIES STATEMENT/ADDED ENTRY--TITLE
Title 60 minutes success skills series
650 ## - SUBJECT ADDED ENTRY--TOPICAL TERM
Topical term or geographic name as entry element Sales management.
Holdings
Withdrawn status Lost status Damaged status Home library Current library Shelving location Date acquired Cost, normal purchase price Total Checkouts Full call number Barcode Date last seen Price effective from Koha item type
      South Mansfield College South Mansfield College   03/07/2005 398.00   MAIN HF 5438.4 .R63 2002 SMC00785 05/23/2018 05/23/2018  

High performance sales management /

APA

Robinson E. F. ., .High performance sales management. New Delhi: .

Chicago

Robinson Elaine Frazer, .High performance sales management. New Delhi: .

Harvard

Robinson E. F. ., .High performance sales management. New Delhi: .

MLA

Robinson Elaine Frazer, .New Delhi: . .

  • Place hold
  • Print
  • Cite
  • Add to your cart (remove)
  • Save record
    BIBTEX Dublin Core MARCXML MARC (non-Unicode/MARC-8) MARC (Unicode/UTF-8) MARC (Unicode/UTF-8, Standard) MODS (XML) RIS
  • More searches
    Search for this title in:
    Other Libraries (WorldCat) Other Databases (Google Scholar) Online Stores (Bookfinder.com) Open Library (openlibrary.org)

Exporting to Dublin Core...

SOUTHVILLE LIBRARY

Southville International School and Colleges Library

1281 Tropical Ave. Cor. Luxembourg St., BF Homes International, Las Pinas City

Tel. No. 8256374 / 252358 Loc. 117/146

Powered by Koha